| 000 | 00499nam a2200181Ia 4500 | ||
|---|---|---|---|
| 001 | 8330 | ||
| 005 | 20260306160601.0 | ||
| 008 | 260306t2008||||xx |||||||||||||| ||spa|| | ||
| 041 | _aESP | ||
| 082 |
_a370.157 _bB47 |
||
| 100 |
_aBetancourt Morejón, Julián _eAUT |
||
| 245 | 0 |
_aLa clase creativa inteligente motivante y cooperativa: _bcómo, por qué y para qué alcanzarla |
|
| 260 | _c2008 | ||
| 300 |
_a431 páginas : _c23 cm. |
||
| 650 | _aGEN | ||
| 654 | _aCED | ||
| 942 |
_cLIB _dJUS _fJUS _2ddc _n |
||
| 999 |
_c8330 _d8330 |
||